Több hallgató, több szak szeptembertől
Elmentve itt :
| Szerző: | |
|---|---|
| Dokumentumtípus: | Cikk |
| Megjelent: |
2016-07-28
|
| Sorozat: | Délmagyarország
|
| Kulcsszavak: | Karsai Krisztina, Szegedi Tudományegyetem, Egyetemi felvételi, 2016 |
| Online Access: | http://univ.bibl.u-szeged.hu/45905 |
| LEADER | 00541nab a2200169 i 4500 | ||
|---|---|---|---|
| 001 | univ45905 | ||
| 005 | 20171214103825.0 | ||
| 008 | 171214s2016 hu o 0|| zxx d | ||
| 040 | |a SZTE UnivHistória Repozitórium |b hun | ||
| 041 | |a zxx | ||
| 100 | 1 | |a Borbola Lilla | |
| 245 | 1 | 0 | |a Több hallgató, több szak szeptembertől |h [elektronikus dokumentum] / |c Borbola Lilla |
| 260 | |c 2016-07-28 | ||
| 300 | |a 3 | ||
| 490 | 0 | |a Délmagyarország | |
| 561 | |a Egyetemi hirarchívum | ||
| 695 | |a Karsai Krisztina, Szegedi Tudományegyetem, Egyetemi felvételi, 2016 | ||